Statistics for Eredivisie Starting XI 2023/24

Click here to take the quiz!

General Stats

  • This quiz has been taken 39 times
  • The average score is 50 of 198

Answer Stats

ClubPositionPlayerNationality% Correct
AjaxGKGerónimo Rulli
85%
PSV EindhovenFWJohan Bakayoko
81%
PSV EindhovenFWLuuk de Jong
81%
PSV EindhovenDFOlivier Boscagli
81%
PSV EindhovenMFJoey Veerman
78%
PSV EindhovenGKWalter Benitez
78%
PSV EindhovenDFAndré Ramalho
74%
AjaxFWBrian Brobbey
74%
FeyenoordGKJustin Bijlow
74%
AjaxFWMohammed Kudus
74%
PEC ZwolleMFDave Van den Berg
70%
FeyenoordDFDávid Hancko
70%
PSV EindhovenMFIbrahim Sangaré
70%
PSV EindhovenDFJordan Teze
70%
FeyenoordDFLutsharel Geertruida
70%
FeyenoordMFQuinten Timber
70%
AjaxFWSteven Bergwijn
70%
PSV EindhovenFWNoa Lang
67%
AjaxDFDevyne Rensch
63%
FeyenoordFWIgor Paixão
63%
AZGKMathew Ryan
63%
FeyenoordDFQuilindschy Hartman
63%
FeyenoordFWSantiago Giménez
63%
AZFWVangelis Pavlidis
63%
AjaxMFBenjamin Tahirovic
59%
VitesseGKEloy Room
59%
AjaxDFJorrel Hato
59%
AjaxMFKenneth Taylor
59%
FeyenoordMFMats Wieffer
56%
PSV EindhovenDFPatrick van Aanholt
56%
FeyenoordMFRamiz Zerrouki
56%
AZDFYukinari Sugawara
56%
FeyenoordFWCalvin Stengs
52%
AjaxDFJakov Medic
52%
AjaxMFBranco van den Boomen
48%
FeyenoordDFBart Nieuwkoop
44%
AZMFJordy Clasie
44%
NECGKJasper Cillessen
41%
Sparta RotterdamGKNick Olij
41%
AZDFPantelis Hatzidiakos
41%
FC UtrechtGKVasilios Barkas
41%
sc HeerenveenGKAndries Noppert
37%
AZMFDani de Wit
37%
FC TwenteGKLars Unnerstall
37%
FC VolendamGKMio Backhaus
37%
AZFWRuben van Bommel
37%
FC UtrechtFWTaylor Booth
37%
PEC ZwolleGKJasper Schendelaar
33%
NECFWKoki Ogawa
33%
NECMFLasse Schöne
33%
PEC ZwolleMFThomas Lam
33%
PEC ZwolleDFBram van Polen
30%
AZDFDavid Moller Wolfe
30%
Go Ahead EaglesGKJeffrey de Lange
30%
ExcelsiorMFJulian Baas
30%
VitesseDFNicolas Isimat-Mirin
30%
AZDFRiechedly Bazoer
30%
FC TwenteDFRobin Pröpper
30%
Sparta RotterdamFWTobias Lauritsen
30%
NECDFYouri Baas
30%
FC UtrechtFWAnastasios Douvikas
26%
Sparta RotterdamDFBart Vriends
26%
FC VolendamMFDamon Mirani
26%
FC UtrechtMFJens Toornstra
26%
FC TwenteMFMichal Sadílek
26%
FC UtrechtDFMike van der Hoorn
26%
FC UtrechtDFSouffian El Karouani
26%
Fortuna SittardMFAlen Halilovic
22%
Go Ahead EaglesDFBas Kuipers
22%
NECDFCalvin Verdonk
22%
PEC ZwolleDFEliano Reijnders
22%
RKC WaalwijkGKEtienne Vaessen
22%
Go Ahead EaglesDFGerrit Nauber
22%
Fortuna SittardFWIñigo Córdoba
22%
FC TwenteDFJoshua Brenet
22%
ExcelsiorFWLazaros Lamprou
22%
FC TwenteFWManfred Ugalde
22%
FC TwenteDFMees Hilgers
22%
FC TwenteFWMichel Vlap
22%
Heracles AlmeloGKMichiel Brouwer
22%
RKC WaalwijkFWMichiel Kramer
22%
Fortuna SittardDFRodrigo Guth
22%
ExcelsiorGKStijn van Gassel
22%
Go Ahead EaglesFWVictor Edvardsen
22%
Go Ahead EaglesMFWillum Thór Willumsson
22%
FC TwenteDFAlfons Sampsted
19%
AjaxDFAnass Salah-Eddine
19%
NECDFBart van Rooij
19%
NECDFBram Nuytinck
19%
FC UtrechtMFCan Bozdogan
19%
VitesseDFCarlens Arcus
19%
Fortuna SittardDFDimitris Siovas
19%
Fortuna SittardGKIvor Pandur
19%
AZFWJens Odgaard
19%
NECMFMagnus Mattsson
19%
FC TwenteMFMathias Kjolo
19%
VitesseFWMillion Manhoef
19%
FC UtrechtDFModibo Sagnan
19%
Almere CityGKNordin Bakker
19%
sc HeerenveenDFPawel Bochniewicz
19%
FC VolendamFWRobert Mühren
19%
FC TwenteMFSem Steijn
19%
NECFWSontje Hansen
19%
AZMFSven Mijnans
19%
Go Ahead EaglesFWBobby Adekanye
15%
FC VolendamDFBrian Plat
15%
ExcelsiorFWCouhaib Driouech
15%
Fortuna SittardMFDeroy Duarte
15%
sc HeerenveenDFHussein Ali
15%
PSV EindhovenMFIsaac Babadi
15%
Heracles AlmeloFWJizz Hornkamp
15%
Sparta RotterdamMFJonathan de Guzmán
15%
Sparta RotterdamMFJoshua Kitolano
15%
NECFWLars Olden Larsen
15%
Go Ahead EaglesDFMats Deijl
15%
sc HeerenveenDFMats Köhlert
15%
NECMFMees Hoedemakers
15%
sc HeerenveenMFOsame Sahraoui
15%
Go Ahead EaglesMFPhilippe Rommens
15%
Sparta RotterdamDFSaïd Bakari
15%
Almere CityFWThomas Robinet
15%
FC UtrechtMFVictor Jensen
15%
FC VolendamDFXavier Mbuyamba
15%
Sparta RotterdamMFArno Verschueren
11%
FC VolendamFWBilal Ould-Chikh
11%
Heracles AlmeloMFBrian De Keersmaecker
11%
ExcelsiorDFCasper Widell
11%
FC TwenteFWDaan Rots
11%
FC VolendamDFDerry Murkin
11%
Sparta RotterdamDFDjango Warmerdam
11%
Heracles AlmeloFWEmil Hansson
11%
FC UtrechtDFHidde ter Avest
11%
sc HeerenveenFWIon Nicolaescu
11%
Go Ahead EaglesFWJakob Breum
11%
Go Ahead EaglesDFJamal Amofa
11%
Heracles AlmeloDFJetro Willems
11%
RKC WaalwijkDFJuriën Gaari
11%
VitesseMFKacper Kozlowski
11%
Fortuna SittardMFLoreintz Rosier
11%
ExcelsiorFWNikolas Agrafiotis
11%
Sparta RotterdamFWPelle Clement
11%
Fortuna SittardDFRémy Vita
11%
VitesseFWSaïd Hamulic
11%
PEC ZwolleDFSam Kersten
11%
sc HeerenveenMFThom Haye
11%
Sparta RotterdamDFTijs Velthuis
11%
Sparta RotterdamFWVito van Crooij
11%
VitesseDFAlois Oroz
7%
Almere CityMFÁlvaro Peña
7%
Almere CityFWAnthony Limbombe
7%
ExcelsiorDFArthur Zagre
7%
PEC ZwolleDFBart van Hintum
7%
FC VolendamMFCalvin Twigt
7%
sc HeerenveenMFChé Nunnely
7%
FC VolendamFWDarius Johnson
7%
PEC ZwolleFWFerdy Druijf
7%
Fortuna SittardDFIvo Pinto
7%
ExcelsiorMFLennard Hartjes
7%
PEC ZwolleDFLennart-Marten Czyborra
7%
Heracles AlmeloMFMario Engels
7%
VitesseMFMathijs Tielemans
7%
VitesseDFMaximilian Wittek
7%
VitesseMFMelle Meulensteen
7%
Heracles AlmeloDFNavajo Bakboord
7%
Almere CityMFPeer Koopmeiners
7%
ExcelsiorMFRedouan El Yaakoubi
7%
ExcelsiorDFSerano Seymor
7%
ExcelsiorDFSiebe Horemans
7%
sc HeerenveenFWSimon Olsson
7%
Heracles AlmeloDFSven Sonnenberg
7%
sc HeerenveenDFSyb van Ottele
7%
RKC WaalwijkDFThierry Lutonda
7%
PEC ZwolleFWYounes Namli
7%
Heracles AlmeloFWAbdenego Nankishi
4%
VitesseFWAmine Boutrah
4%
Heracles AlmeloMFAnas Ouahim
4%
sc HeerenveenMFAnas Tahiri
4%
Almere CityDFDamian van Bruggen
4%
RKC WaalwijkDFDario van den Buijs
4%
FC VolendamMFDaryl van Mieghem
4%
RKC WaalwijkFWDavid Min
4%
RKC WaalwijkMFDenilho Cleonise
4%
FC VolendamDFDeron Payne
4%
RKC WaalwijkMFGodfried Roemeratoe
4%
Almere CityDFHamdi Akujobi
4%
Almere CityFWJosé Pascual Alba Seva
4%
Heracles AlmeloDFJustin Hoogma
4%
RKC WaalwijkMFKevin Felida
4%
Fortuna SittardFWPaul Gladon
4%
Almere CityDFSherel Floranus
4%
Almere CityDFThéo Barbet
4%
Fortuna SittardFWTijani Noslin
4%
Go Ahead EaglesMFXander Blomme
4%
RKC WaalwijkMFZakaria Bakkali
4%
PEC ZwolleMFZicu Buurmeester
4%
Almere CityMFJochem van de Kamp
0%
RKC WaalwijkDFJulian Lieleveld
0%
FC UtrechtFWMats Seuntjes
0%

Score Distribution

Percentile by Number Answered

Percent of People with Each Score

Your Score History

You have not taken this quiz